• 首页
  • 本馆介绍
  • 公告通知
  • 最新文献
  • 馆藏检索
  • 电子资源
  • 读者导购
  • 参考咨询
  • 我的图书馆
  • 登录
  • 详细信息显示
  • 放入我的书架
  • 预约/预借图书
  • 作者相关作品
  • 分类相关作品
  • 丛书相关作品
  • 出版社相关作品

书目信息

  • 表格格式
  • 工作单格式
  • 卡片格式
题名:
《西游记》中通渭方言词汇考释
    
 
作者: 马海音, 著
分册:  
出版信息: 北京   新华出版社  2021.01
页数: 259页
开本: 24cm
丛书名:
单 册:
中图分类: H172.2
科图分类:
主题词: 西北方言--xi bei fang yan--词汇--研究--通渭县
电子资源:
ISBN: 978-7-5166-5422-4
000 01201nam0 2200265 450
001 CAL 0120217143801
005 20230217093112.0
010    @a978-7-5166-5422-4@dCNY75.00
100    @a20210407d2021 em y0chiy0120 ea
101 0  @achi
102    @aCN@b110000
105    @aa a 000yy
106    @ar
200 1  @a《西游记》中通渭方言词汇考释@A《 xi you ji 》 zhong tong wei fang yan ci hui kao shi@f马海音著
210    @a北京@c新华出版社@d2021.01
215    @a259页@c图@d24cm
300    @a甘肃政法大学“中国语言文学学科”资助
314    @a马海音, 文学硕士, 教授。
320    @a有书目 (第254-256页)
330    @a本书从方言的区域分布 、历史演进、地理位置和民族杂处等方面, 总结了通渭方言的特征, 以及在语音、 词汇、语法等方面的特色。而在四大名著中, 《西游记》的语言艺术独树一帜 , 尤其在词汇运用方面, 融雅言与方言为一体, 汇南北方言为一家, 其中便大量采用了通渭方言词汇, 体现出通渭方言独特的文化和历史价值。书中的词汇按音序排序, 将《西游记》中的使用情况与通渭方言中的语言学特征进行了分析与对照。
606 0  @a西北方言@Axi bei fang yan@x词汇@x研究@y通渭县
690    @aH172.2@v5
701  0 @a马海音,@Ama hai yin@f1971-@4著
801  0 @aCN@bBJXHZP@c20230222
905    @b1379426-9@dH172.2@e107@f4
    
    《西游记》中通渭方言词汇考释/马海音著.-北京:新华出版社,2021.01
    259页:图;24cm
    甘肃政法大学“中国语言文学学科”资助
    
    ISBN 978-7-5166-5422-4:CNY75.00
    本书从方言的区域分布 、历史演进、地理位置和民族杂处等方面, 总结了通渭方言的特征, 以及在语音、 词汇、语法等方面的特色。而在四大名著中, 《西游记》的语言艺术独树一帜 , 尤其在词汇运用方面, 融雅言与方言为一体, 汇南北方言为一家, 其中便大量采用了通渭方言词汇, 体现出通渭方言独特的文化和历史价值。书中的词汇按音序排序, 将《西游记》中的使用情况与通渭方言中的语言学特征进行了分析与对照。
●
相关链接 在E读中查询图书 在五车中查询图书 在当当中查询图书 在豆瓣中查询图书


正题名:《西游记》中通渭方言词汇考释     索取号:H172.2/107         预约/预借

序号 登录号 条形码 馆藏地/架位号 状态 备注
1 1379426   213794269   第二样本阅览室/ [索取号:H172.2/107] 在馆    
2 1379427   213794278   第四借阅区/ [索取号:H172.2/107] 在馆    
3 1379428   213794287   第四借阅区/ [索取号:H172.2/107] 在馆    
4 1379429   213794296   第四借阅区/ [索取号:H172.2/107] 在馆    
唐山师范学院图书馆 欢迎您!
大连网信软件有限公司© 版权所有